000 00881cam a2200301 4500
001 ABS66968
008 030820n2003 000 0 eng u
035 _a(Sirsi) u123314
245 _aFocus 2003: South East update
260 _c2003
490 _aEstates Gazette
_v(0329) 19 July 2003, 57-69(6)
590 _aABS
650 _aSOUTHEAST ENGLAND
650 _aTHAMES VALLEY
650 _aBERKSHIRE
650 _aBUCKINGHAMSHIRE
650 _aOXFORDSHIRE
650 _aMILTON KEYNES
650 _aPROPERTY-COMMERCIAL PROPERTY-OFFICE PROPERTY-OFFICE PROPERTY MARKET
650 _aINDUSTRIAL MARKET
650 _aPROPERTY-COMMERCIAL PROPERTY-RETAIL PROPERTY-RETAIL PROPERTY MARKET
650 _aRENTS
650 _aTAKE UP
650 _aAVAILABILITY
650 _aDEMAND
690 _aPROPERTY-COMMERCIAL PROPERTY-COMMERCIAL PROPERTY MARKET
942 _n0
999 _c73250
_d73250